Vzdelávanie, veda a technika

Vzdelávanie, veda a technika v podmienkach slovenských vysokých škôl.

Salvato in:
Dettagli Bibliografici
Autore principale: Sinay, Juraj
Natura: Capitolo di libro
Lingua:slovacco
Soggetti:
Tags: Aggiungi Tag
Nessun Tag, puoi essere il primo ad aggiungerne!!

MARC

LEADER 00000naa a2200000 4500
001 r048878
005 20230927095404.6
041 0 |a slo 
044 |a SK 
245 1 0 |a Vzdelávanie, veda a technika  |c Juraj Sinay 
520 |a Vzdelávanie, veda a technika v podmienkach slovenských vysokých škôl. 
610 2 0 |a vzdelávanie 
610 2 0 |a veda 
610 2 0 |a technika 
610 2 0 |a školy vysoké 
610 2 0 |a Slovensko 
100 1 |a Sinay, Juraj